000 01882cam a22005294i 4500
003 PE-LiUPU
005 20250731180100.0
008 160913s r 000 0 spa d
020 _a9875913340
020 _a9789875913349
035 _a(Sirsi) a163427
040 _aPE-LiUPU
_bspa
_cPE-LiUPU
_erda
049 _aPRUA
082 0 4 _a570.7
_bC85
100 1 _aBarrón, Margarita,
_eautor.
245 _aCrecimiento y desarrollo de la biología a la educación y la salud /
_cMargarita Barrón [y otros mas].
250 _a1° Edición.
264 _aCórdoba :
_bBrujas,
_c2012.
300 _a284 ´paginas :
_bIlustraciones ;
_c24 centímetros.
336 _atext
_2rdacontent
337 _aunmediated
_2rdamedia
338 _avolume
_2rdacarrier
504 _aBibliogafía al final de cada capítulo.
505 0 _aComprendiendo el proceso del desarrollo -- La familia, algo más que un entorno -- Derechos humanos: un enfoque integral -- Herencia y ambiente -- El recién nacido -- Las adolescencias o el fin de los singualres -- El adulto -- Generando proyectos participativos.
526 _aSEG44
526 _aSEG26
526 _aP159
526 _aP155
526 _aP154
526 _aP153
526 _aP150
526 _aP100
526 _aP31
526 _aP30
526 _aP26
526 _aP25
526 _aP24
526 _aP22
526 _aP15
526 _aP10
910 _ajck
_bncf
_cncf
_d20160913
942 _2ddc
_cBOOK
949 _a570.7 C58
_wDEWEY
_i69175
_lCCODEBUL1
_mBUL
_r0
_sY
_tBOOK
_u2016-09-13
_xINGINIERIA
_z
_0AMBIENTAL
_o.STAFF. Colección FIA
596 _a1
999 _a570.7 C58
_wDEWEY
_c12305
_i69145
_f2021-11-9
_g7
_lCCODEBUL1
_mBUL
_p10.00
_r0
_sN
_tBOOK
_u2016-9-13
_xINGENIERIA
_PP24
_0COMPRA
_o.STAFF. Colección FIA
_d12305
980 _81
_gALBERTO SANCHEZ Responsable de Automatización